| 000 | 00503nam a2200181 a 4500 | ||
|---|---|---|---|
| 005 | 20210223130152.0 | ||
| 008 | 070302s2002 mx r 000 0 spa d | ||
| 020 | _a9707170263 | ||
| 035 | _aUPN01000149668 | ||
| 049 | _aCG | ||
| 050 | 4 |
_aHV6074 _bI2.3 |
|
| 100 | 1 | _aIbáñez Reséndiz, Rosendo | |
| 245 | 1 | 3 |
_aLa huella digital y el derecho Mexicano / _cRosendo Ibáñez Reséndiz. |
| 260 |
_aMéxico : _bSISTA, _c2002. |
||
| 300 | _a239 p. | ||
| 650 | 4 |
_aHUELLAS DIGITALES _912918 |
|
| 905 | _aLibro | ||
| 999 |
_c121809 _d121809 |
||